000 00362nam a2200133 i 4500
001 bg
100 1 _aKRZEMIŃSKI, Zbigniew
245 0 _aStruktury układów nieliniowego sterowania silnikiem asynchronicznym /
_cZ. Krzemiński.
260 _aCzęstochowa,
_c1991.
040 _cBPK
041 _apol
942 _cKS
008 s pl f |000 0 pol
999 _c29433
_d29433
856 _uhttp://koha.tu.koszalin.pl/cgi-bin/koha/opac-detail.pl?biblionumber=29433
_yKatalog online BPK